000 00443pab a2200169 454500
008 180718b2004 xxu||||| |||| 00| 0 eng d
100 _aKala, N.
245 _aSwashakti: a participatory model for infusing gender potential through self help groups
260 _c2004
300 _ap.50-61.
362 _aApr-Jun
650 _aSelf help
650 _aWomen
700 _aManavade, Gowri V.
773 _aIASSI Quarterly
909 _a64799
999 _c64799
_d64799